000
00373cam a2200169ua 4500
020
_c
$. 30
041
_a
eng
_h
082
_a
926.2
_b
SHU/SL
100
_a
Shute, Nevil .
245
_a
Slide rule
260
_a
London :
_b
Heinemann Educational Books Ltd. ,
_c
1964.
300
_a
249 ; .
365
_a
$. 30
504
_a
942
_c
BK
999
_c
1237
_d
1237